01009nam a2200289Ia 450000500170000000800390001702000150005608200180007110000350008924500770012425000220020130000620022349000220028549000190030750000210032665000700034765000310041765000350044865000380048394200150052126400450053633600270058133700330060833800280064104000350066999900150070420220317000455.0160315s2009 ck ao g 000 0 spa a958976738904a599.855bU73a1 aUribe Hurtado, Cristinad1956-10aAugusto Alfabaraguato del Araucactextos y fotografías Cristina Uribe aSegunda edición a33 páginasbilustraciones, fotografías a colorc23 cm aLibros educativos aQuién soy... aIncluye glosario142LEMBaMonosxHábitos y conductaxLibros ilustrados para niños142LEMBaMonosvFotografías142LEMBaAraguatosvFotografías142LEMBaPrimateszAmérica del sur 2ddccBKINF aBogotábCristina Uribe Edicionesc2009 atextobtxt2rdacontent asin mediaciónbn2rdamedia avolumenbnc2rdacarrier aCO-BoRNBPbspaerdacCO-BoRNBP c4148d4148